000 00300nam a2200109Ia 4500
008 171211s9999 xx 000 0 und d
245 4 _aThe NPR Curious Listener's Guide to Opera
245 _cWilliam Berger
260 _c2002
650 _xART
856 _uhttp://down.ebook777.com/061/0399527435.pdf
999 _c348589
_d348589